| 000 | 00722nam a2200205 u 4500 | ||
|---|---|---|---|
| 001 | 000338466 | ||
| 003 | AM-YeHGA | ||
| 005 | 20250618072119.0 | ||
| 008 | 040527s1926 ||| r 000 0 arm d | ||
| 040 | _aAM-YeHGA | ||
| 041 | 0 | _aarm | |
| 245 | 0 | 0 |
_aՍեւան : _bԵրաժշտական ալմանախ : Հայ նորագույոն կօմպօզիտօրներ (20-րդ դար) : Հ. / _cԽմբագիր՝ Ա. Երեմեան. |
| 260 |
_aՎենետիկ : _bԱ. հ., _c1926. |
||
| 300 | _aՀ. | ||
| 505 | 1 | _gՀ. 1 (1926, 108, 48 էջ նոտա) | |
| 653 | 0 | _aՀայ երաժշտություն | |
| 700 | 1 |
_aԵրեմյան, Արամ Գարեգինի, _d1898-1972 _eխմբ. _4edt _93336 |
|
| 942 |
_2udc _cBK |
||
| 090 | _c129335 | ||
| 999 |
_c127971 _d127971 |
||